| 000 | 00558nam a22001697a 4500 | ||
|---|---|---|---|
| 005 | 20260112112758.0 | ||
| 008 | 260112b |||||||| |||| 00| 0 eng d | ||
| 020 | _a978-1-098-12597-4 | ||
| 100 | _aGERON, AURELIEN | ||
| 245 |
_aHANDS-ON MACHINE LEARNING WITH SCIKIT-LEARN, KERAS AND TENSORFLOW _bCONCEPTS, TOOLS AND TECHNIQUES TO BUILD INTELLIGENT SYSTEMS |
||
| 250 | _a3RD ED | ||
| 260 |
_aSEBASTOPOL _bO`REILLY _c2023 |
||
| 300 | _aXXV,834P. | ||
| 500 | _aINCLUDES INDEX | ||
| 650 | _a1. MACHINE LEARNING 2. ARTIFICIAL INTELLIGENCE | ||
| 942 |
_2lcc _cCF |
||
| 999 |
_c216450 _d216450 |
||